000 01609nam0a22003851 4500
001 RU\INGAK2\INFOCOMM_327\NLR\5000026408
005 20250630154058.0
035 _a(NLR Aleph) 011037888
090 _a11139996
_c11139996
100 _a20130211d1984 |||y0rusy50 ca
101 0 _aeng
102 _aRU
105 _ay z||||
200 1 _aExact estimates of conductivity of a binary mixture of isotropic compounds
_fK. A. Lurie, A. V. Cherkaev
210 _aLeningrad
_cФТИ
_d1984
215 _a28 с.
_cсхем.
_d20 см
225 1 _aAcad. of sciences of the USSR, A. F. Ioffe physical-techn. inst.
_v894
300 _aНа обороте тит. л.: Точные оценки проводимости бинарной смеси изотропных фаз / К. А. Лурье, А. В. Черкаев
300 _aНа обл. надзаг. на рус. яз.
300 _aРез. на рус. яз.
320 _aБиблиогр.: с. 27-28
517 1 _aТочные оценки проводимости бинарной смеси изотропных фаз
606 1 _aКомпозиционные материалы
_92082858
_3RU\NLR\AUTH\661258896
620 _aСанкт-Петербург
686 _aЖ366
_2rubbk
700 1 _9z01790
_aLur'e
_bK. A.
_gKonstantin Anatol'evič
701 1 _9z02790
_aČerkaev
_bA. V.
_gAndrej Vsevolodovič
790 1 _9z01700
_aLurie
_bK. A.
_4070
790 1 _9z02701
_aCherkaev
_bA. V.
_4070
801 1 _aRU
_bInfoComm
_c20130211
801 0 _aRU
_bNLR
_gPSBO
852 _aNLR
_jТ11 Д-4/170
942 _cBOOK
980 _aNB